000 00513nam a22001817a 4500
003 OSt
005 20260121064542.0
008 260121b |||||||| |||| 00| 0 eng d
020 _a971-93317-04
040 _aDWCL-Main Lib
_cOC
082 _2Circ. 425
_a F587m
_b2011
100 _aFlauta, Romeo A.
245 _aMaster English grammar in 28 days
260 _a[Manila] :
_bFPR Pub.,
_cc 2011.
300 _a243 p. ;
_c21 cm.
650 _2English language-Grammar
942 _2ddc
_cBK-CIRC
_eComprehensive ed.--
_n0
999 _c7663
_d7663